Normal view
MARC view
Entry Topical Term
001 - CONTROL NUMBER
- control field: 1542829
003 - CONTROL NUMBER IDENTIFIER
- control field: NLI
005 - DATE AND TIME OF LATEST TRANSACTION
- control field: 20240705173712.0
008 - FIXED-LENGTH DATA ELEMENTS
- fixed length control field: 240705|| aca||aabn | a|a d
040 ## - CATALOGING SOURCE
- Original cataloging agency: NLI
- Transcribing agency: NLI
150 ## - HEADING--TOPICAL TERM
- Topical term or geographic name entry element: Monograph Mirza Salamat Ali Dabeer
- Form subdivision: Muslim Intellectual / India / 20th century / Biography / History
670 ## - SOURCE DATA FOUND
- Source citation: Work cat.: (NLI)1534692: 880-01 694355, مونوگراف مرزا سلامت علی دبیر - Monograph Mirza Salamat Ali Dabeer, 2019
